History Quiz

Random History or War Quiz

First Name Basis: History Quiz Stats

 Plays Quiz Updated Jul 21, 2017

Support Sporcle.
Go Orange.
Score 0/20 Timer 05:00
1 Play Today
% Correct
Abraham
95.8%
Margaret
95.3%
Diana
94.9%
Amelia
94.3%
Vladimir
93.4%
Rosa
93.4%
Mohandas
93%
Benito
92.5%
Joan
91.1%
Leif
89.6%
% Correct
Nancy
89.5%
Gaius
87.5%
Aaron
84.3%
Marie
84.2%
Simón
83%
Niccolò
82.8%
David
80.7%
Virginia
70.9%
Dorothy
58.8%
Lucretia
41.4%

You're not logged in!

Compare scores with friends on all Sporcle quizzes.
OR
Log In
Forgot?

From the Vault

'O' Blitz

by Flick

'O' my goodness!
Remove Ads.
Support Sporcle.
Get the best of Sporcle when you Go Orange. This ad-free experience offers more features, more stats, and more fun while also helping to support Sporcle. Thank you for becoming a member.

Show Comments

Extras

Top Quizzes Today


Score Distribution

Your Account Isn't Verified!

In order to create a playlist on Sporcle, you need to verify the email address you used during registration. Go to your Sporcle Settings to finish the process.

Report this User

Report this user for behavior that violates our Community Guidelines.

Details: